[Event "Deutsche Meisterschaft 2013"]
[Site "Saarbrücken"]
[Date "2013.09.09"]
[Round "4.12"]
[White "Krassowizkij, Jaroslaw"]
[Black "Pfretzschner, Roland"]
[Result "0-1"]
[WhiteElo "2381"]
[BlackElo "2232"]
[PlyCount "78"]
[EventDate "2013.09.05"]

1. d4 Nf6 2. c4 c5 3. d5 b5 4. cxb5 a6 5. bxa6 g6 6. Nc3 Bxa6 7. e4 Bxf1 8.
Kxf1 d6 9. Nf3 Bg7 10. g3 O-O 11. Kg2 Nbd7 12. a4 Qb6 13. Qe2 Rfb8 14. Nb5 Ne8
15. Bg5 h6 16. Bxe7 Rb7 17. g4 g5 18. h4 Ne5 19. hxg5 Ng6 20. Kg3 Rxe7 21. gxh6
Be5+ 22. Nxe5 dxe5 23. g5 Kh7 24. Qg4 Nd6 25. Nxd6 Qxd6 26. a5 f6 27. gxf6 Qxf6
28. Rh5 Qa6 29. Rg5 Rf8 30. f3 Rf4 31. Qh5 Ref7 32. Rf5 Rf6 33. Rxf6 Rxf6 34.
Qg5 Rf7 35. Qh5 Qe2 36. a6 Qxb2 37. Rd1 Qa2 38. d6 Nf4 39. Rd2 Nxh5+ 0-1

[Event "Deutsche Meisterschaft 2013"]
[Site "Saarbrücken"]
[Date "2013.09.09"]
[Round "4.13"]
[White "Carow, Johannes"]
[Black "Litwak, Aleksej"]
[Result "1-0"]
[WhiteElo "2375"]
[BlackElo "2230"]
[PlyCount "87"]
[EventDate "2013.09.05"]

1. d4 Nf6 2. c4 e6 3. Nc3 Bb4 4. Qc2 O-O 5. a3 Bxc3+ 6. Qxc3 b6 7. Bg5 Bb7 8.
Nh3 d6 9. f3 Nbd7 10. e4 e5 11. Be2 h6 12. Be3 a5 13. b3 Re8 14. O-O exd4 15.
Bxd4 Qe7 16. Rfe1 Nc5 17. Rad1 Ne6 18. Be3 Nd7 19. Bf1 Qf6 20. Qxf6 Nxf6 21.
Nf2 Nd7 22. Rb1 Kf8 23. Nd1 Ndc5 24. Nc3 Bc6 25. Be2 Ra7 26. Bd1 Rea8 27. Bc2
Re8 28. Ra1 Rea8 29. Kf2 Re8 30. g4 g5 31. Ne2 Ng7 32. Nd4 Bd7 33. h4 f6 34.
Rh1 Nce6 35. Nf5 Nxf5 36. gxf5 Ng7 37. hxg5 hxg5 38. Rh6 Ke7 39. Rg6 Nh5 40.
Rh1 Rh8 41. Rxf6 Kxf6 42. Bd4+ Kf7 43. Bxh8 Nf4 44. Bc3 1-0

[Event "Deutsche Meisterschaft 2013"]
[Site "Saarbrücken"]
[Date "2013.09.09"]
[Round "4.14"]
[White "Paul, Johannes"]
[Black "Bastian, Herbert"]
[Result "1-0"]
[WhiteElo "2227"]
[BlackElo "2339"]
[PlyCount "79"]
[EventDate "2013.09.05"]

1. c4 e5 2. g3 Nc6 3. Nc3 g6 4. Bg2 Bg7 5. e4 d6 6. Nge2 Be6 7. d3 Qd7 8. Nd5
Nce7 9. d4 Nxd5 10. cxd5 Bh3 11. Bxh3 Qxh3 12. Qb3 O-O-O 13. Be3 Qg2 14. O-O-O
Bh6 15. Kb1 Qxe4+ 16. Ka1 Bxe3 17. fxe3 Ne7 18. Nc3 Qxe3 19. Rhe1 Qf3 20. dxe5
Nf5 21. g4 Qxg4 22. Re4 Qf3 23. Rb4 b6 24. Qa4 Kb8 25. Nb5 a5 26. Rc1 Qe3 27.
Rbc4 dxe5 28. Nxc7 Nd6 29. R4c3 Qd4 30. Qc6 Ka7 31. a3 Rhe8 32. b4 Re7 33. bxa5
Rxc7 34. Qxc7+ Nb7 35. Rb1 Rd6 36. Qc8 Nxa5 37. Rb4 Qd1+ 38. Rc1 Qxd5 39. Rc7+
Nb7 40. Ra4+ 1-0

[Event "Deutsche Meisterschaft 2013"]
[Site "Saarbrücken"]
[Date "2013.09.09"]
[Round "4.15"]
[White "Zieher, Hartmut"]
[Black "Schlenker, Jörg"]
[Result "1-0"]
[WhiteElo "2300"]
[BlackElo "2217"]
[PlyCount "87"]
[EventDate "2013.09.05"]

1. e4 Nc6 2. d4 d5 3. e5 Bf5 4. c3 Qd7 5. f4 e6 6. Nf3 h5 7. Be2 Be7 8. O-O Nh6
9. h3 h4 10. Qe1 O-O-O 11. Nxh4 Bxh3 12. gxh3 Bxh4 13. Qxh4 Nf5 14. Qg4 Rh6 15.
Qg2 Rdh8 16. Bg4 Nce7 17. Bd2 Rg6 18. Kf2 Qb5 19. a4 Qxb2 20. Ra3 a5 21. Qf3
Nh6 22. Bh5 Qc2 23. Bxg6 Qxg6 24. Ra2 Nhf5 25. Rg1 Qh7 26. Na3 c6 27. Rb2 Nh4
28. Qe3 Nef5 29. Qd3 Ng6 30. Ke2 Qh4 31. Qf3 Qe7 32. Nc2 c5 33. Ne3 Nfh4 34.
Qg3 c4 35. Rgb1 Rh5 36. Rb5 Nf5 37. Nxf5 Rxf5 38. Rxa5 Qa3 39. Ra8+ Kc7 40. Ra7
Qa2 41. Rbxb7+ Kc6 42. a5 Nxf4+ 43. Qxf4 Rxf4 44. Rb6# 1-0

[Event "Deutsche Meisterschaft 2013"]
[Site "Saarbrücken"]
[Date "2013.09.09"]
[Round "4.16"]
[White "Müller, Reinhold"]
[Black "Schreiber, Kevin"]
[Result "1-0"]
[WhiteElo "2249"]
[BlackElo "1920"]
[PlyCount "67"]
[EventDate "2013.09.05"]

1. d4 Nf6 2. c4 d6 3. Nf3 Nbd7 4. Nc3 e5 5. e4 Be7 6. Be2 O-O 7. O-O c6 8. Qc2
a6 9. Rd1 Qc7 10. Be3 b5 11. cxb5 cxb5 12. Rac1 Kh8 13. Qb3 Qb7 14. dxe5 Nxe5
15. Nd5 Be6 16. Ng5 Nxd5 17. exd5 Bd7 18. Nf3 Ng4 19. Bf4 Rac8 20. Nd4 Qb6 21.
Rxc8 Rxc8 22. h3 Bf6 23. hxg4 Bxd4 24. Bg3 Re8 25. Qf3 Bxb2 26. Qxf7 Qd8 27.
Bd3 Bxg4 28. f3 Rf8 29. Qa7 Ba3 30. Bf2 Bc8 31. Re1 Qd7 32. Qd4 Qf7 33. Qe4 Bf5
34. Qxf5 1-0

[Event "Deutsche Meisterschaft 2013"]
[Site "Saarbrücken"]
[Date "2013.09.09"]
[Round "4.17"]
[White "Seyfried, Claus"]
[Black "Schwarz, Frank"]
[Result "0-1"]
[WhiteElo "2185"]
[BlackElo "2249"]
[PlyCount "84"]
[EventDate "2013.09.05"]

1. e4 e6 2. d4 d5 3. Nc3 Nf6 4. e5 Nfd7 5. Nce2 c5 6. c3 Nc6 7. Nf3 Qb6 8. a3
a5 9. Nf4 cxd4 10. cxd4 Be7 11. h4 a4 12. g3 Qa7 13. Be3 Nb6 14. Nd2 Bd7 15.
Nh5 Rg8 16. Bd3 O-O-O 17. Bxh7 Rh8 18. Bd3 f6 19. Rc1 Kb8 20. Nf4 fxe5 21. Ng6
exd4 22. Bf4+ Ka8 23. Bc7 Bf6 24. Nxh8 Rxh8 25. Bxb6 Qxb6 26. Qxa4+ Kb8 27. Bb5
d3 28. O-O e5 29. Nb3 Be7 30. Bxd3 e4 31. Bb5 Rf8 32. Rce1 Rf3 33. Nd2 Rxg3+
34. Kh2 Rh3+ 35. Kg2 Rxh4 36. Rh1 Rg4+ 37. Kf1 Rf4 38. Re2 Bh4 39. Rh2 g5 40.
Nc4 dxc4 41. Qxc4 e3 42. Qg8+ Ka7 0-1

[Event "Deutsche Meisterschaft 2013"]
[Site "Saarbrücken"]
[Date "2013.09.09"]
[Round "4.18"]
[White "Lochte, Thomas"]
[Black "Commercon, Simon"]
[Result "0-1"]
[WhiteElo "2141"]
[BlackElo "2187"]
[PlyCount "102"]
[EventDate "2013.09.05"]

1. e4 d5 2. exd5 Qxd5 3. Nc3 Qd6 4. d4 Nf6 5. Nf3 a6 6. Be2 Nc6 7. O-O g6 8.
Bg5 Bg7 9. d5 Nb8 10. Qd2 O-O 11. Rfe1 c6 12. Bf4 Qd8 13. d6 e6 14. Bg5 Nbd7
15. Qf4 b5 16. Rad1 Qb6 17. Bd3 Bb7 18. Ne5 Nxe5 19. Bxf6 Bxf6 20. Qxf6 Nd7 21.
Qe7 Rad8 22. Re3 Rfe8 23. Qh4 c5 24. Rh3 Nf8 25. Be4 b4 26. Na4 Rxd6 27. Rxd6
Qxd6 28. Rd3 Qe5 29. Re3 Qd4 30. g3 Bxe4 31. Qxe4 Rd8 32. Qxd4 cxd4 33. Rb3 a5
34. Nc5 Rd5 35. Ne4 Nd7 36. a3 f5 37. Nd2 Nc5 38. Rf3 e5 39. axb4 axb4 40. g4
e4 41. Rh3 f4 42. Kf1 e3 43. Nc4 Ne4 44. Rf3 g5 45. fxe3 dxe3 46. Ke2 Rd4 47.
Nxe3 Rd2+ 48. Ke1 Rxh2 49. Nd5 Rxc2 50. Rb3 Nc5 51. Nxb4 Rc1+ 0-1

[Event "Deutsche Meisterschaft 2013"]
[Site "Saarbrücken"]
[Date "2013.09.09"]
[Round "4.19"]
[White "Frischmann, Rick"]
[Black "Schellmann, Frank"]
[Result "1-0"]
[WhiteElo "2230"]
[BlackElo "2098"]
[PlyCount "93"]
[EventDate "2013.09.05"]

1. d4 Nf6 2. c4 g6 3. g3 c6 4. Nf3 Bg7 5. Bg2 d5 6. b3 O-O 7. Bb2 dxc4 8. bxc4
c5 9. O-O Qb6 10. Qb3 Ne4 11. e3 Nc6 12. Ne5 Nd6 13. Qxb6 axb6 14. Nxc6 bxc6
15. Bxc6 Rb8 16. Na3 Ba6 17. Rfc1 Rfc8 18. Bb5 Bb7 19. Rc2 Be4 20. Rd2 Ra8 21.
Kf1 Ra5 22. Ke2 Rca8 23. f3 Bb7 24. Rd3 cxd4 25. exd4 Nf5 26. Rad1 Nxd4+ 27.
Rxd4 Bxd4 28. Rxd4 Rxa3 29. Bxa3 Rxa3 30. Rd8+ Kg7 31. Rb8 Rxa2+ 32. Ke3 Ra3+
33. Kd4 Bxf3 34. Rxb6 Be2 35. c5 Bxb5 36. Rxb5 Ra8 37. c6 Kf6 38. Kc5 Ke6 39.
c7 Rc8 40. Kc6 f5 41. Kb7 Rxc7+ 42. Kxc7 Kf6 43. Kc6 e6 44. Kd6 g5 45. Re5 f4
46. g4 h5 47. h3 1-0

[Event "Deutsche Meisterschaft 2013"]
[Site "Saarbrücken"]
[Date "2013.09.09"]
[Round "4.20"]
[White "Tabatt, Hendrik"]
[Black "Marcziter, Dmitrii"]
[Result "1/2-1/2"]
[WhiteElo "2303"]
[BlackElo "2265"]
[PlyCount "110"]
[EventDate "2013.09.05"]

1. d4 d5 2. Nf3 c5 3. c4 e6 4. cxd5 exd5 5. g3 Nc6 6. Bg2 Nf6 7. O-O Be7 8.
dxc5 Bxc5 9. Bg5 O-O 10. Nc3 Be7 11. Qa4 h6 12. Bxf6 Bxf6 13. Rad1 Bxc3 14.
bxc3 Qf6 15. Nd4 Rd8 16. Qb3 Be6 17. Nxe6 fxe6 18. e4 d4 19. e5 Nxe5 20. cxd4
Nc6 21. d5 Nd4 22. Rxd4 Qxd4 23. dxe6 Kh8 24. e7 Re8 25. Re1 Rac8 26. Bxb7 Qc3
27. Re4 Qxb3 28. axb3 Rc7 29. Bd5 Rcxe7 30. Rf4 g6 31. h4 Kg7 32. Ra4 Rd8 33.
Ra5 Rd6 34. Kg2 Kf6 35. Bc4 h5 36. Ra2 Red7 37. Kf3 Kg7 38. Ke3 Re7+ 39. Kf3
Kf6 40. Ra5 Rc7 41. Ke3 Re7+ 42. Kf3 Kg7 43. Ra2 Rf6+ 44. Kg2 Rd7 45. Kf1 Kf8
46. Ke2 Re7+ 47. Kf1 Rd7 48. Kg2 Ke7 49. f4 Rfd6 50. Kf3 Kf6 51. Ra5 Kg7 52. g4
hxg4+ 53. Kxg4 Kf6 54. h5 gxh5+ 55. Rxh5 Rg7+ 1/2-1/2

[Event "Deutsche Meisterschaft 2013"]
[Site "Saarbrücken"]
[Date "2013.09.09"]
[Round "4.21"]
[White "Bär, Sören"]
[Black "Jussupow, Nadia"]
[Result "0-1"]
[WhiteElo "2139"]
[BlackElo "2156"]
[PlyCount "104"]
[EventDate "2013.09.05"]

1. Nf3 Nf6 2. c4 g6 3. g3 Bg7 4. Bg2 c6 5. d4 d5 6. b3 O-O 7. O-O Ne4 8. Bb2 a5
9. Nc3 Bf5 10. Rc1 Na6 11. Nh4 Nxc3 12. Bxc3 Be6 13. cxd5 cxd5 14. e3 b5 15.
Qe2 Qb6 16. Rfd1 Rac8 17. Bf1 Nc7 18. Be1 Bd7 19. Nf3 b4 20. Rc5 Ne6 21. Rxc8
Rxc8 22. Ne5 Be8 23. Bg2 Qd6 24. f4 Nf8 25. g4 e6 26. Bg3 Qc7 27. e4 f6 28. Nf3
dxe4 29. Qxe4 Qc2 30. Qxc2 Rxc2 31. Rd2 Rxd2 32. Nxd2 f5 33. Bf2 fxg4 34. Nc4
a4 35. Nd6 axb3 36. axb3 Bf7 37. Nxf7 Kxf7 38. d5 Nd7 39. d6 e5 40. Bd5+ Ke8
41. Be1 exf4 42. Bxb4 Bd4+ 43. Kf1 h5 44. Be6 f3 45. Ba3 Nf6 46. Bc1 Be5 47.
Bg5 Nd7 48. h3 g3 49. Be3 Bxd6 50. Bd5 Ne5 51. Bd4 g5 52. Bxe5 g2+ 0-1

[Event "Deutsche Meisterschaft 2013"]
[Site "Saarbrücken"]
[Date "2013.09.10"]
[Round "5.1"]
[White "Bischoff, Klaus"]
[Black "Buhmann, Rainer"]
[Result "1/2-1/2"]
[WhiteElo "2500"]
[BlackElo "2580"]
[PlyCount "57"]
[EventDate "2013.09.05"]

1. c4 e6 2. Nc3 d5 3. d4 c6 4. e3 Nf6 5. Nf3 Nbd7 6. Qc2 Bd6 7. b3 O-O 8. Be2
e5 9. Bb2 e4 10. Nd2 Nb8 11. h3 Na6 12. a3 Nc7 13. b4 Re8 14. b5 Bf5 15. cxd5
cxd5 16. Qb3 Be6 17. a4 Nd7 18. Ba3 Bxa3 19. Qxa3 Qg5 20. Qd6 Rec8 21. Qg3 Qxg3
22. fxg3 a6 23. Kf2 Nxb5 24. Nxb5 axb5 25. axb5 Kf8 26. Nb3 Rxa1 27. Rxa1 b6
28. Rc1 Ra8 29. Ra1 1/2-1/2

[Event "Deutsche Meisterschaft 2013"]
[Site "Saarbrücken"]
[Date "2013.09.10"]
[Round "5.2"]
[White "Blübaum, Matthias"]
[Black "Krämer, Martin"]
[Result "1/2-1/2"]
[WhiteElo "2514"]
[BlackElo "2542"]
[PlyCount "69"]
[EventDate "2013.09.05"]

1. d4 Nf6 2. c4 e6 3. Nf3 d5 4. g3 dxc4 5. Bg2 Nc6 6. Qa4 Bb4+ 7. Bd2 Nd5 8.
Bxb4 Ndxb4 9. O-O Rb8 10. Na3 O-O 11. Qb5 b6 12. Qxc4 Ba6 13. Nb5 Qd5 14. Qxd5
Nxd5 15. a4 Na5 16. Ne5 Rbd8 17. Rac1 Nb3 18. Bxd5 Rxd5 19. Rxc7 Bxb5 20. axb5
Nxd4 21. Nc6 Nxe2+ 22. Kg2 Kh8 23. Ra1 h6 24. Raxa7 Rxb5 25. b4 Nc3 26. Rxf7
Rxf7 27. Rxf7 Nd5 28. Rf3 g5 29. h3 Kg7 30. Kf1 Kg6 31. Ne5+ Kg7 32. Nc6 Kg6
33. Ne5+ Kg7 34. Nc6 Kg6 35. Ne5+ 1/2-1/2

[Event "Deutsche Meisterschaft 2013"]
[Site "Saarbrücken"]
[Date "2013.09.10"]
[Round "5.3"]
[White "Oberhofer, Andre"]
[Black "Stern, Rene"]
[Result "0-1"]
[WhiteElo "2329"]
[BlackElo "2509"]
[PlyCount "54"]
[EventDate "2013.09.05"]

1. e4 e5 2. Nf3 Nc6 3. Bc4 Bc5 4. d3 Nf6 5. Nc3 d6 6. O-O Be6 7. Nd5 h6 8. c3
Bxd5 9. exd5 Ne7 10. d4 exd4 11. Nxd4 O-O 12. Qf3 Ng6 13. Nf5 Re8 14. Qh3 Re5
15. Bd3 Nxd5 16. Bxh6 gxh6 17. Nxh6+ Kg7 18. Nf5+ Rxf5 19. Qxf5 Ndf4 20. g3
Nxd3 21. Qxd3 Qd7 22. b4 Bb6 23. Qe4 Rh8 24. a4 Ne5 25. h4 Qh3 26. Qg2 Qg4 27.
a5 Nf3+ 0-1

[Event "Deutsche Meisterschaft 2013"]
[Site "Saarbrücken"]
[Date "2013.09.10"]
[Round "5.4"]
[White "Wagner, Dennis"]
[Black "Donchenko, Alexander"]
[Result "1/2-1/2"]
[WhiteElo "2472"]
[BlackElo "2467"]
[PlyCount "75"]
[EventDate "2013.09.05"]

1. d4 d5 2. c4 dxc4 3. e4 b5 4. a4 c6 5. axb5 cxb5 6. b3 e5 7. Nf3 Nf6 8. Be2
exd4 9. bxc4 Bb4+ 10. Bd2 Bxd2+ 11. Qxd2 O-O 12. cxb5 Nxe4 13. Qxd4 Bb7 14. O-O
a6 15. Rd1 Qxd4 16. Rxd4 axb5 17. Rxa8 Bxa8 18. Bxb5 Nc5 19. Nbd2 Ne6 20. Rd6
Rd8 21. Rxd8+ Nxd8 22. Bd3 Bxf3 23. Nxf3 Nd7 24. g3 Nc6 25. h4 Nce5 26. Nxe5
Nxe5 27. Be2 h6 28. f4 Nc6 29. Kf2 g6 30. Ke3 Kg7 31. Ke4 h5 32. Bb5 Ne7 33.
Bd7 Kf6 34. Bh3 Ng8 35. Bc8 Ne7 36. Bh3 Ng8 37. Bc8 Ne7 38. Bh3 1/2-1/2

[Event "Deutsche Meisterschaft 2013"]
[Site "Saarbrücken"]
[Date "2013.09.10"]
[Round "5.5"]
[White "Svane, Rasmus"]
[Black "Fridman, Daniel"]
[Result "1/2-1/2"]
[WhiteElo "2445"]
[BlackElo "2614"]
[PlyCount "80"]
[EventDate "2013.09.05"]

1. d4 d5 2. c4 e6 3. Nc3 c6 4. e3 Nf6 5. Nf3 Nbd7 6. Qc2 Bd6 7. Bd3 O-O 8. O-O
dxc4 9. Bxc4 c5 10. dxc5 Bxc5 11. b3 a6 12. Bb2 b5 13. Bd3 Bb7 14. Ng5 h6 15.
Nh7 Nxh7 16. Bxh7+ Kh8 17. Be4 Qc7 18. Bxb7 Qxb7 19. Qe4 Qxe4 20. Nxe4 Be7 21.
Rfd1 Nc5 22. Nxc5 Bxc5 23. Rac1 Rfd8 24. Kf1 Rxd1+ 25. Rxd1 Kg8 26. Rc1 Be7 27.
Rc7 Bd8 28. Rc6 Kf8 29. Ke2 g6 30. Bd4 Ke7 31. g4 Kd7 32. Rc2 Be7 33. Kd3 h5
34. h3 hxg4 35. hxg4 Rc8 36. Rxc8 Kxc8 37. f3 Kd7 38. e4 f5 39. gxf5 gxf5 40.
Be3 Bf6 1/2-1/2

[Event "Deutsche Meisterschaft 2013"]
[Site "Saarbrücken"]
[Date "2013.09.10"]
[Round "5.6"]
[White "Schleining, Zoya"]
[Black "Graf, Felix"]
[Result "0-1"]
[WhiteElo "2377"]
[BlackElo "2481"]
[PlyCount "72"]
[EventDate "2013.09.05"]

1. d4 e6 2. c4 b6 3. Nc3 Bb7 4. e3 Nf6 5. Nf3 Be7 6. Bd3 c5 7. O-O cxd4 8. Nxd4
O-O 9. b3 Na6 10. Bb2 Nc5 11. Bc2 Qb8 12. Nde2 a5 13. Qd4 h6 14. Ng3 Rd8 15.
Rad1 d6 16. e4 h5 17. Rfe1 h4 18. Nf1 Nh5 19. Qe3 Bf6 20. Qf3 g6 21. g4 hxg3
22. Nxg3 Nxg3 23. Qxf6 Nh5 24. Qg5 e5 25. Nd5 Ne6 26. Nf6+ Nxf6 27. Qxf6 Nf4
28. Re3 Qc8 29. Rxd6 Rxd6 30. Qxd6 Qg4+ 31. Kf1 Qg2+ 32. Ke1 Qg1+ 33. Kd2 Qxf2+
34. Kd1 Qxe3 35. Bxe5 Ne6 36. Bf6 Qf3+ 0-1

[Event "Deutsche Meisterschaft 2013"]
[Site "Saarbrücken"]
[Date "2013.09.10"]
[Round "5.7"]
[White "Braun, Christian"]
[Black "Poetsch, Hagen"]
[Result "1/2-1/2"]
[WhiteElo "2362"]
[BlackElo "2468"]
[PlyCount "91"]
[EventDate "2013.09.05"]

1. Nf3 d5 2. g3 c5 3. Bg2 Nf6 4. O-O e6 5. d3 Nc6 6. Nbd2 Be7 7. e4 O-O 8. e5
Nd7 9. Re1 b5 10. Nf1 Nb6 11. h4 d4 12. N1h2 Nd5 13. Ng4 h5 14. Ngh2 Qc7 15.
Bg5 f6 16. Bc1 fxe5 17. Nd2 Nf6 18. Ne4 Bb7 19. Ng5 Nd8 20. Bxb7 Qxb7 21. Rxe5
Bd6 22. Re1 e5 23. Qf3 c4 24. a4 cxd3 25. Qxd3 bxa4 26. Rxa4 Nf7 27. Nhf3 Rfe8
28. Nxf7 Qxf7 29. Ng5 Qd7 30. Ra6 Re7 31. Qb3+ Kh8 32. Qf3 Rc8 33. c3 dxc3 34.
bxc3 e4 35. Rxe4 Rxc3 36. Qxc3 Nxe4 37. Nxe4 Rxe4 38. Qd2 Qe7 39. Rxd6 Re1+ 40.
Kh2 Qe4 41. Rh6+ gxh6 42. Bb2+ Kg8 43. Qd8+ Kf7 44. Qd7+ Kf8 45. Qd8+ Kf7 46.
Qd7+ 1/2-1/2

[Event "Deutsche Meisterschaft 2013"]
[Site "Saarbrücken"]
[Date "2013.09.10"]
[Round "5.8"]
[White "Pfretzschner, Roland"]
[Black "Kopylov, Michael"]
[Result "0-1"]
[WhiteElo "2232"]
[BlackElo "2457"]
[PlyCount "78"]
[EventDate "2013.09.05"]

1. e4 c5 2. Nf3 e6 3. b3 Nc6 4. Bb2 d5 5. exd5 exd5 6. Bb5 Nf6 7. O-O Be7 8. d4
O-O 9. c4 Nxd4 10. Nxd4 cxd4 11. Qxd4 a6 12. Ba4 dxc4 13. bxc4 Be6 14. Bb3 Qxd4
15. Bxd4 Rac8 16. Nd2 Rfd8 17. Bc3 Rd3 18. Rac1 Nd7 19. Rfe1 Bg5 20. Re2 b5 21.
Bb4 bxc4 22. Bc2 Rb8 23. h4 Rxb4 24. hxg5 Ra3 25. Nb1 Ra5 26. f4 g6 27. Nc3 Ra3
28. Be4 Nc5 29. Rcc2 Kg7 30. Kf2 Rb8 31. g3 Rd8 32. Re3 h6 33. gxh6+ Kxh6 34.
Kf3 Kg7 35. g4 Nxe4 36. Nxe4 Bxg4+ 37. Kf2 Rxe3 38. Kxe3 Re8 39. Rxc4 f5 0-1

[Event "Deutsche Meisterschaft 2013"]
[Site "Saarbrücken"]
[Date "2013.09.10"]
[Round "5.9"]
[White "Braun, Vitali"]
[Black "Carow, Johannes"]
[Result "0-1"]
[WhiteElo "2403"]
[BlackElo "2375"]
[PlyCount "126"]
[EventDate "2013.09.05"]

1. d4 Nf6 2. c4 g6 3. Nc3 d5 4. cxd5 Nxd5 5. e4 Nxc3 6. bxc3 Bg7 7. Nf3 c5 8.
Rb1 O-O 9. Be2 b6 10. O-O Bb7 11. Qd3 Ba6 12. Qe3 Qd7 13. Bxa6 Nxa6 14. Qe2 Qa4
15. Bg5 cxd4 16. cxd4 e6 17. Rfc1 Rac8 18. Qd2 Rfe8 19. Bh6 Bh8 20. e5 Qd7 21.
Qf4 Nc7 22. Ng5 Nd5 23. Qf3 f5 24. Qb3 Bg7 25. Bxg7 Kxg7 26. Nf3 Rc6 27. Rxc6
Qxc6 28. Qa3 a5 29. Rc1 Qb7 30. Qd6 Rc8 31. Rxc8 Qxc8 32. g3 h6 33. Kg2 g5 34.
h3 Kf7 35. Nd2 Qc7 36. Qxc7+ Nxc7 37. Nc4 Nd5 38. Kf3 Ke7 39. a3 a4 40. Nd6 Kd7
41. Ke2 h5 42. Nf7 Nc3+ 43. Kd3 Ne4 44. f3 Nf2+ 45. Ke3 Nxh3 46. f4 gxf4+ 47.
gxf4 b5 48. Nd6 h4 49. Nxb5 Ng1 50. d5 exd5 51. Nd4 h3 52. Nxf5 h2 53. Ng3 d4+
54. Ke4 Ne2 55. Nh1 d3 56. Kxd3 Nxf4+ 57. Ke4 Ne2 58. Kd3 Nc1+ 59. Kc4 Ke6 60.
Nf2 Kf5 61. Kd5 Nd3 62. Nh1 Nxe5 63. Kd4 Kf4 0-1

[Event "Deutsche Meisterschaft 2013"]
[Site "Saarbrücken"]
[Date "2013.09.10"]
[Round "5.10"]
[White "Plischki, Sebastian"]
[Black "Zieher, Hartmut"]
[Result "1-0"]
[WhiteElo "2436"]
[BlackElo "2300"]
[PlyCount "97"]
[EventDate "2013.09.05"]

1. Nf3 d5 2. c4 dxc4 3. e3 Nf6 4. Bxc4 e6 5. O-O c5 6. Qe2 a6 7. Rd1 b5 8. Bb3
Bb7 9. a4 b4 10. d3 Be7 11. Nbd2 O-O 12. Nc4 Nbd7 13. e4 Qc7 14. g3 Nb8 15. Bf4
Qd8 16. d4 Nxe4 17. dxc5 Qe8 18. Nd6 Bxd6 19. Bxd6 Nxd6 20. Rxd6 Nc6 21. Rad1
Rd8 22. Bc2 g6 23. Qe3 Rxd6 24. cxd6 Qd7 25. Ng5 Nd8 26. b3 Bd5 27. Qb6 Nb7 28.
Be4 Qd8 29. Qxb4 a5 30. Qd2 Qxd6 31. Bxd5 exd5 32. Qxd5 Qxd5 33. Rxd5 Rc8 34.
Nxf7 Rc1+ 35. Kg2 Nc5 36. Ng5 h6 37. Nf3 Nxb3 38. Rb5 Rc3 39. h4 Kg7 40. Ne5
Kf6 41. Ng4+ Kg7 42. Rb7+ Kf8 43. Nxh6 Nc5 44. Rf7+ Ke8 45. Ra7 Nxa4 46. Rxa5
Nb6 47. Rg5 Rc6 48. Ng4 Nd7 49. Ne5 1-0

[Event "Deutsche Meisterschaft 2013"]
[Site "Saarbrücken"]
[Date "2013.09.10"]
[Round "5.11"]
[White "Lubbe, Nikolas"]
[Black "Frischmann, Rick"]
[Result "1-0"]
[WhiteElo "2432"]
[BlackElo "2230"]
[PlyCount "101"]
[EventDate "2013.09.05"]

1. e4 c5 2. Nf3 d6 3. d4 cxd4 4. Nxd4 Nf6 5. Nc3 a6 6. f3 e5 7. Nb3 h5 8. Be3
Be6 9. Nd5 Bxd5 10. exd5 Nbd7 11. c4 Qc7 12. Rc1 b6 13. Be2 g6 14. Qd2 Bg7 15.
O-O O-O 16. Na1 a5 17. Nc2 Nc5 18. Na3 h4 19. Nb5 Qd7 20. Rce1 h3 21. g3 Rad8
22. Bd1 Nh5 23. a3 f5 24. b4 axb4 25. axb4 f4 26. Bxc5 bxc5 27. g4 Nf6 28. bxc5
dxc5 29. Bc2 Nxg4 30. fxg4 Qxg4+ 31. Kh1 f3 32. Rf2 Qxc4 33. Qd3 Qh4 34. Ref1
Qg4 35. Rg1 Qg2+ 36. Rgxg2 fxg2+ 37. Kg1 Rxf2 38. Kxf2 Rf8+ 39. Kg1 Rf1+ 40.
Qxf1 gxf1=Q+ 41. Kxf1 e4 42. Bxe4 Be5 43. Kg1 Kf7 44. Na3 Kf6 45. Nc4 Bf4 46.
Bf3 Kf5 47. d6 Ke6 48. Bg4+ Kd5 49. d7 Bc7 50. Ne3+ Kd4 51. Kf2 1-0

[Event "Deutsche Meisterschaft 2013"]
[Site "Saarbrücken"]
[Date "2013.09.10"]
[Round "5.12"]
[White "Müller, Reinhold"]
[Black "Schöne, Ralf"]
[Result "1/2-1/2"]
[WhiteElo "2249"]
[BlackElo "2345"]
[PlyCount "87"]
[EventDate "2013.09.05"]

1. d4 d6 2. Nf3 Nf6 3. Nc3 g6 4. e4 Bg7 5. Bf4 c6 6. Qd2 h6 7. h3 b5 8. Bd3 a6
9. O-O g5 10. Be3 g4 11. hxg4 Nxg4 12. e5 Nxe3 13. Qxe3 d5 14. Ne2 e6 15. Nh2
O-O 16. Ng4 Qg5 17. Qh3 h5 18. Nh2 c5 19. f4 Qh6 20. dxc5 f6 21. Ng3 fxe5 22.
fxe5 h4 23. Rxf8+ Kxf8 24. Rf1+ Ke7 25. Ng4 Qg5 26. Ne2 Nc6 27. Qf3 Kd8 28. Qf7
Ra7 29. Qg8+ Kc7 30. Rf8 Bd7 31. Rf7 Qxg4 32. Rxg7 Qb4 33. Qxe6 Qxc5+ 34. Kh1
Kc8 35. Qg8+ Nd8 36. Nf4 Qe3 37. Nxd5 Qe1+ 38. Kh2 Qxe5+ 39. Kg1 Qd4+ 40. Kh1
h3 41. Ne7+ Kc7 42. Nd5+ Kc8 43. Ne7+ Kc7 44. Nd5+ 1/2-1/2

[Event "Deutsche Meisterschaft 2013"]
[Site "Saarbrücken"]
[Date "2013.09.10"]
[Round "5.13"]
[White "Schwarz, Frank"]
[Black "Colpe, Malte"]
[Result "1-0"]
[WhiteElo "2249"]
[BlackElo "2338"]
[PlyCount "109"]
[EventDate "2013.09.05"]

1. d4 Nf6 2. Nf3 c5 3. c3 b6 4. Bf4 Bb7 5. e3 Nh5 6. Bg5 h6 7. Bh4 g5 8. Ne5
Nf6 9. Bg3 cxd4 10. cxd4 e6 11. Nc3 a6 12. Qb3 b5 13. f3 Nc6 14. Nxc6 Bxc6 15.
Bd3 d5 16. Rc1 Bd6 17. Ne2 Rc8 18. Kf2 h5 19. Nc3 h4 20. Bxd6 Qxd6 21. a4 O-O
22. axb5 Bxb5 23. Bxb5 axb5 24. Qxb5 Rc4 25. Qb3 Rb8 26. Qa2 g4 27. Ne2 Rxc1
28. Nxc1 g3+ 29. hxg3 hxg3+ 30. Ke2 Qc6 31. Kd2 Qb5 32. Nd3 Qc4 33. Qa5 Qb3 34.
Qc3 Qc4 35. Nc5 Qb5 36. b3 Ra8 37. Na4 Rb8 38. Rb1 Kg7 39. Qc7 Qb4+ 40. Ke2
Qb5+ 41. Kd2 Qb4+ 42. Kc2 Nh5 43. Nc5 Qb5 44. Qe5+ f6 45. Qxe6 Qe2+ 46. Kc3
Qxg2 47. Qxd5 Qf2 48. Qxh5 Qxe3+ 49. Kc4 Qe2+ 50. Kd5 Rd8+ 51. Kc6 g2 52. Qg4+
Kh6 53. Qf4+ Kh5 54. Qf5+ Kh4 55. Qg4# 1-0

[Event "Deutsche Meisterschaft 2013"]
[Site "Saarbrücken"]
[Date "2013.09.10"]
[Round "5.14"]
[White "Paul, Johannes"]
[Black "Krassowizkij, Jaroslaw"]
[Result "0-1"]
[WhiteElo "2227"]
[BlackElo "2381"]
[PlyCount "130"]
[EventDate "2013.09.05"]

1. c4 e6 2. g3 d5 3. Bg2 Nf6 4. Nf3 c5 5. cxd5 exd5 6. d4 Nc6 7. Nc3 Be7 8. O-O
O-O 9. Bg5 c4 10. Ne5 Be6 11. b3 h6 12. Bxf6 Bxf6 13. Nxc6 bxc6 14. bxc4 dxc4
15. e3 Qa5 16. Qc2 Rac8 17. Rfc1 Rfd8 18. Rab1 Be7 19. Qa4 Qxa4 20. Nxa4 Rc7
21. Rc3 c5 22. d5 Bxd5 23. Bxd5 Rxd5 24. Rxc4 Bf6 25. Rbc1 Rd2 26. Rxc5 Rxc5
27. Rxc5 Rxa2 28. Ra5 Bc3 29. Rxa7 Be1 30. Ra8+ Kh7 31. f3 Bf2+ 32. Kh1 Ra1+
33. Kg2 Bxe3 34. Kh3 Bg5 35. f4 Bf6 36. Ra6 Be7 37. Kg4 Ra3 38. f5 Bb4 39. Kf4
Ra2 40. h4 Ra3 41. g4 Bd2+ 42. Ke4 Re3+ 43. Kd5 Rg3 44. Nc5 Rxg4 45. Ne4 Bf4
46. Ra7 Rxh4 47. Rxf7 Bg5 48. Nxg5+ hxg5 49. Ke5 Rf4 50. Ra7 Kh6 51. Ra1 Kh5
52. Rh1+ Rh4 53. Ra1 Rh3 54. Ke4 Kg4 55. Rg1+ Rg3 56. Rh1 Rg2 57. Ke3 Kg3 58.
Rh5 g4 59. Rg5 Rf2 60. Ke4 Re2+ 61. Kd3 Re7 62. Rg6 Re5 63. Rxg7 Rxf5 64. Ke2
Kh3 65. Ra7 g3 0-1

[Event "Deutsche Meisterschaft 2013"]
[Site "Saarbrücken"]
[Date "2013.09.10"]
[Round "5.15"]
[White "Vatter, Hans-Joachim"]
[Black "Jugelt, Tobias"]
[Result "1/2-1/2"]
[WhiteElo "2288"]
[BlackElo "2429"]
[PlyCount "66"]
[EventDate "2013.09.05"]

1. d4 d5 2. c4 c6 3. Nf3 Nf6 4. Nc3 e6 5. e3 Nbd7 6. Bd3 Bd6 7. e4 dxe4 8. Nxe4
Nxe4 9. Bxe4 e5 10. O-O O-O 11. dxe5 Nxe5 12. Nxe5 Bxe5 13. Bxh7+ Kxh7 14. Qh5+
Kg8 15. Qxe5 Re8 16. Qc3 Qh4 17. b3 Re6 18. Qg3 Qh7 19. Rd1 Qh5 20. Bf4 Rg6 21.
Qc3 Bf5 22. Bg3 Re8 23. Re1 Rge6 24. h3 Re2 25. Rad1 f6 26. Rxe2 Qxe2 27. Qd2
Qxd2 28. Rxd2 Re1+ 29. Kh2 Kf7 30. Rd8 Re8 31. Rd2 Re1 32. Rd8 Re8 33. Rd2 Re1
1/2-1/2